ბათუმის შოთა რუსთაველის სახელმწიფო უნივერსიტეტის ბიბლიოთეკა

Atlas of ultrasound-guided procedures in interventional pain management / (ბიბ.ჩანაწერი № 63253)

000 -LEADER
fixed length control field 01158nam a22002177a 4500
005 - DATE AND TIME OF LATEST TRANSACTION
control field 20250708105341.0
008 - FIXED-LENGTH DATA ELEMENTS--GENERAL INFORMATION
fixed length control field 250708s2018 en ||||| |||| 00| 0 eng d
020 ## - INTERNATIONAL STANDARD BOOK NUMBER
International Standard Book Number 9781493977543 x
041 ## - LANGUAGE CODE
Language code of text/sound track or separate title eng
080 ## - UNIVERSAL DECIMAL CLASSIFICATION NUMBER
Universal Decimal Classification number 616.381.07A-90
245 ## - TITLE STATEMENT
Title Atlas of ultrasound-guided procedures in interventional pain management /
Statement of responsibility, etc. Editor: Samer N. Narouze
250 ## - EDITION STATEMENT
Edition statement Second edition
264 ## - PRODUCTION, PUBLICATION, DISTRIBUTION, MANUFACTURE, AND COPYRIGHT NOTICE
Place of production, publication, distribution, manufacture New York :
Name of producer, publisher, distributor, manufacturer Springer,
Date of production, publication, distribution, manufacture, or copyright notice 2018.
300 ## - PHYSICAL DESCRIPTION
Extent 334 p.:
Other physical details ill;
Dimensions 30 cm.
653 ## - INDEX TERM--UNCONTROLLED
keyword Atlas of ultrasound-guided procedures in interventional pain management
653 ## - INDEX TERM--UNCONTROLLED
keyword ინტერვენციული ტკივილის მართვის ულტრაბგერითი კონტროლით ჩატარებული პროცედურების ატლასი
653 ## - INDEX TERM--UNCONTROLLED
keyword მედიცინა
653 ## - INDEX TERM--UNCONTROLLED
keyword With a focus on anatomy and sonoantomy, this beautifully illustrated updated edition captures the latest advances in the rapidly growing field of ultrasound-guided pain medicine and MSK procedures. This atlas is
700 ## - ADDED ENTRY--PERSONAL NAME
Personal name Narouze, Samer N
Relator term რედაქტორი
9 (RLIN) 25621
942 ## - ADDED ENTRY ELEMENTS (KOHA)
Source of classification or shelving scheme
Koha item type წიგნი
ეგზემპლარები
Withdrawn status Lost status Source of classification or shelving scheme Damaged status Not for loan Permanent Location Current Location Shelving location Date acquired Cost, normal purchase price Full call number Barcode Date last seen Copy number Price effective from Koha item type Public note
          ბათუმის შოთა რუსთაველის სახელმწიფო უნივერსიტეტის მთავარი ბიბლიოთეკა ბათუმის შოთა რუსთაველის სახელმწიფო უნივერსიტეტის მთავარი ბიბლიოთეკა წიგნსაცავი 2025-07-08 432.00 616.381.07 A-90 72074 2025-07-08 72074 2025-07-08 წიგნი 432 ლ.
          ბათუმის შოთა რუსთაველის სახელმწიფო უნივერსიტეტის მთავარი ბიბლიოთეკა ბათუმის შოთა რუსთაველის სახელმწიფო უნივერსიტეტის მთავარი ბიბლიოთეკა წიგნსაცავი 2025-07-08 432.00 616.381.07 A-90 72075 2025-07-08 72075 2025-07-08 წიგნი 432 ლ.